| Registos Bibliográficos associados ao registo de autoridade |
|
Etiqueta de registo: 00230nam 2200025 450 001 1693343 003 http://id.bnportugal.gov.pt/bib/catbnp/1693343 010 ## $a978-972-97696-8-9 021 ## $aPT$b308077/10 100 ## $a20081008d2008 m y0pory0103 ba 101 0# $apor 102 ## $aPT 105 ## $ay z 000yy 106 ## $ar 200 1# $aCampos de férias e direitos humanos$eguia para animadores$fJosé Vieira$gpref. Maria Emília Brederode Santos 205 ## $a1ª ed 210 #9 $aLisboa$cAPCC - Associação para a Promoção Cultural da Criança,$d2008 215 ## $a180 p.$d21 cm 675 ## $a379.8-053.2/-053.6(076)$vBN$zpor$31545917 675 ## $a37.03-053.2/-053.6(076)$vBN$zpor$31545918 675 ## $a342.7(076)$vBN$zpor$3865563 700 #1 $aVieira,$bJosé,$f1962-$31345920 702 #1 $aSantos,$bMaria Emília Brederode,$f1942-2026$4080$346966 801 #0 $aPT$bBN$gRPC 856 41 $uhttp://rnod.bnportugal.gov.pt/ImagesBN/winlibimg.aspx?skey=&doc=1693343&img=32056&save=true 900 ## $aBIBNAC$d20130930 966 ## $lBN$mFGMON$sS.C. 132153 V.$x1 966 ## $lBN$mFGMON$sS.C. 132153 V.-D$x1
|
|
|